Gandhis Vision and values (Record no. 2513)

MARC details
000 -LEADER
fixed length control field 00393nam a22001697a 4500
005 - DATE AND TIME OF LATEST TRANSACTION
control field 20210906114327.0
008 - FIXED-LENGTH DATA ELEMENTS--GENERAL INFORMATION
fixed length control field 160613b xxu||||| |||| 00| 0 eng d
020 ## - INTERNATIONAL STANDARD BOOK NUMBER
ISBN 81-7036-690-9
041 ## - LANGUAGE CODE
Language code of text/sound track or separate title eng
082 ## - DEWEY DECIMAL CLASSIFICATION NUMBER
Item number 7219
100 ## - MAIN ENTRY--AUTHOR NAME
Personal name Punto, Vivek
245 ## - TITLE STATEMENT
Title Gandhis Vision and values
260 ## - PUBLICATION, DISTRIBUTION, ETC. (IMPRINT)
Name of publisher Sage Publication
Year of publication 1998
300 ## - PHYSICAL DESCRIPTION
Number of Pages 162
650 ## - SUBJECT ADDED ENTRY--TOPICAL TERM
Topical Term Management
942 ## - ADDED ENTRY ELEMENTS (KOHA)
Koha item type Books
Holdings
Lost status Damaged status Collection code Home library Current library Shelving location Date acquired Cost, normal purchase price Full call number Accession Number Koha item type
    ENGLISH LITERATURE JRU Library JRU Library SHELF-103-A 13/06/2016 380.00 7219 7219 Books
    ENGLISH LITERATURE JRU Library JRU Library SHELF-103-A 13/06/2016 380.00 7219 7220 Books